000 01103nam a22002177a 4500
003 SEM
999 _c51079
_d51079
005 20220608071938.0
008 201125b ||||| |||| 00| 0 arm d
040 _aSEM
_cSEM
041 _aarm.
082 _a235.2:281.62/Հ-85
100 _aՅովհաննէս Սարկաւագ; Վարդան Բարձրաբերդցի; Յովհաննէս Երզնկացի
_q(Հովհաննես Սարկավագ; Վարդան Բարձրաբերդցի; Հովհաննես Երզնկացի)
245 _aՆերբողեանք ի Ս. Գրիգոր Լուսաւորիչ: /
_cՅովհաննէս Սարկաւագ; Վարդան Բարձրաբերդցի; Յովհաննէս Երզնկացի
246 _a[Ներբողյանք ի Ս. Գրիգոր Լուսավորիչ]: /
260 _aՎենետիկ:
_bտպ. Մխիթարեանց,
_c1853.
300 _a165 էջ;
_c11 սմ
440 _aՍոփերք հայկականք
_vԵ
650 _aՍրբեր
_xհայ եկեղեցի
856 _uhttp://greenstone.flib.sci.am/gsdl/collect/haygirq/book/nerboxeanq1853.pdf
_yԿարդալ առցանց
942 _2ddc
_cBK